| 000 | 00855nam a2200241 i 4500 | ||
|---|---|---|---|
| 001 | 175337 | ||
| 003 | ES-MaACL | ||
| 005 | 20231228210630.0 | ||
| 007 | t| | ||
| 008 | 101022s1970 sp o ||||1| spa d | ||
| 080 | _a78 Rodrigo, Joaquín | ||
| 080 | _a929 Rodrigo, Joaquín | ||
| 100 | 1 |
_aSopeña Ibáñez, Federico, _d1917-1991 _9107321 |
|
| 245 | 1 | 0 |
_aJoaquín Rodrigo / _cFederico Sopeña. |
| 260 |
_aMadrid : _bDirección General de Bellas Artes, _c1970. |
||
| 300 |
_a75 p. : _bil. ; _c17 cm. |
||
| 490 | 1 |
_aArtistas españoles contemporáneos. Músicos ; _v1 |
|
| 600 | 1 | 4 |
_aRodrigo, Joaquín, _d1901-1999 _998174 |
| 710 | 1 |
_aEspaña. _bDirección General de Bellas Artes. _93704 |
|
| 830 | 0 |
_aArtistas españoles contemporáneos. Músicos ; _v1 _9184415 |
|
| 852 |
_aES-MaACL _j2261-F-1 _xOlim P-1916 |
||
| 999 |
_c175337 _d175337 |
||